Historia y ciencias sociales 2º medio: texto para el estudiante

সংরক্ষণ করুন:
গ্রন্থ-পঞ্জীর বিবরন
প্রধান লেখক: Milos Hurtado, Pedro (autor), Almeyda Hidalgo, Liliam (Author), Whipple Morán, Pablo (Author)
বিন্যাস: গ্রন্থ
ভাষা:স্প্যানিশ
প্রকাশিত: Santiago Mare Nostrum 2007
সংস্করন:1a. ed
বিষয়গুলি:
ট্যাগগুলো: ট্যাগ যুক্ত করুন
কোনো ট্যাগ নেই, প্রথমজন হিসাবে ট্যাগ করুন!

MARC

LEADER 00000nam a2200000 a 4500
001 UCI5757
003 CL-VaPUC
008 080404e20070000CL |||||||||||||||||spa|d
020 |a 9789562941921 
082 0 4 |a 900.712  |b MIL  |2 21 
100 |a Milos Hurtado, Pedro  |e autor  |9 588895 
700 0 |a Almeyda Hidalgo, Liliam  |e author  |9 528351 
700 0 |a Whipple Morán, Pablo  |e author  |9 528352 
245 1 0 |a Historia y ciencias sociales 2º medio: texto para el estudiante 
250 |a 1a. ed 
300 |a 280 p 
942 |c BK 
945 |d 20080404 00:00:00  |a jtorresc 
260 |a Santiago  |b Mare Nostrum  |c 2007 
650 0 |a Enseñanza de la historia   |9 307330 
650 0 |a Enseñanza de la geografía  |9 310005 
650 0 |a Libros de texto  |9 270019 
650 0 |a Métodos de enseñanza  |9 270413 
583 |a last modification  |c 20171207 01:04:18  |k Rodrigo Vera 
999 |c 329449  |d 329447 
952 |0 0  |1 0  |4 0  |6 900_712000000000000_MIL_2007  |7 0  |8 A  |9 414150  |a BIBEDU  |b BIBEDU  |d 2019-11-22  |i 4422155  |o 900.712 MIL 2007  |p 4422155  |r 2019-11-22  |w 2019-11-22  |y BK  |k EDU 
952 |0 0  |1 0  |4 0  |6 900_712000000000000_MIL_2007  |7 0  |8 A  |9 414151  |a BIBHIS  |b BIBHIS  |d 2019-11-22  |i 4445554  |o 900.712 MIL 2007  |p 4445554  |r 2025-01-20  |w 2019-11-22  |y BK  |k HIS 
952 |0 0  |1 0  |4 0  |6 900_712000000000000_MIL_2007  |7 0  |8 A  |9 414152  |a BIBHIS  |b BIBHIS  |d 2019-11-22  |i 4453212  |o 900.712 MIL 2007  |p 4453212  |r 2025-01-20  |w 2019-11-22  |y BK  |k HIS 
952 |0 0  |1 0  |4 0  |6 900_712000000000000_MIL_2007  |7 0  |8 A  |9 414153  |a BIBHIS  |b BIBHIS  |d 2019-11-22  |i 4465970  |o 900.712 MIL 2007  |p 4465970  |r 2025-01-20  |w 2019-11-22  |y BK  |k HIS 
952 |0 0  |1 0  |4 0  |6 900_712000000000000_MIL_2007  |7 0  |8 A  |9 414154  |a BIBHIS  |b BIBHIS  |d 2019-11-22  |i 4467493  |o 900.712 MIL 2007  |p 4467493  |r 2025-01-20  |w 2019-11-22  |y BK  |k HIS 
952 |0 0  |1 0  |4 0  |6 900_712000000000000_MIL_2007  |7 0  |8 A  |9 414155  |a BIBHIS  |b BIBHIS  |d 2019-11-22  |i 4467507  |o 900.712 MIL 2007  |p 4467507  |r 2025-01-20  |w 2019-11-22  |y BK  |k HIS